| 000 | 00380nam a2200145Ia 4500 | ||
|---|---|---|---|
| 008 | 220613s9999||||xx |||||||||||||| ||und|| | ||
| 020 | _a9788177395761 | ||
| 100 | _aA K Jain | ||
| 245 | 0 | _aQ & A Physiology Complete Guide To Crack Your Physiology Exam | |
| 250 | _a2nd(2021) | ||
| 260 | _bAvichal Publishing Co | ||
| 300 | _a170 | ||
| 650 | _aPhysiology | ||
| 942 | _cPREC | ||
| 999 |
_c12281 _d12281 |
||